00257nam a2200109 4500082001300000100001500013245004300028250001200071260003400083300001200117650001800129 a664 RAM aRamasamy,M aA Treatise and manual of food analysis a3rd ed. awattalabKribs printersc2009 a236 p afood analysis